000
00334nam a22001457a 4500
008
230418b ||||| |||| 00| 0 eng d
020
_a
9780871401182
041
_a
eng
080
_a
101
082
_a
101FRE
100
_a
44
101
_a
FILOZO
245
_a
INTRODUCTORY LECTURES ON PSYCHO-ANALYSIS
_c
FREUD .S
942
_2
udc
_c
BK
999
_c
59578
_d
59578